| 000 | 00512nam a2200133Ia 4500 | ||
|---|---|---|---|
| 008 | 191206s9999 xx 000 0 und d | ||
| 020 | _a0761818758 (cloth : | ||
| 090 | _aPS356308749B4 | ||
| 245 | 0 | _a"Sages sorcières?: révision de la mauvaise mère dans Beloved (Toni Morrison), Praisesong for the Widow (Paule Marshall), et Moi, Tituba, sorcière noire de Salem (Maryse Condé)" | |
| 260 | _aUniversity Press of America | ||
| 260 | _ccc2001 | ||
| 300 | _a"xiv, 311 p. ; 24 cm." | ||
| 999 |
_c16853 _d16853 |
||